| 000 | 00812nam a2200277 a 4500 | ||
|---|---|---|---|
| 003 | AR-BaBNM | ||
| 005 | 20251128203518.0 | ||
| 008 | 082120s2002 ||||||||||||||000 | spa|| | ||
| 040 | _cAR-BaBNM | ||
| 100 | 1 | _aBrameld, Theodore | |
| 245 | 0 | 0 |
_aBases culturales de la educación _buna exploración interdisciplinaria |
| 250 | _a2ª ed. | ||
| 260 |
_aBuenos Aires _bEudeba _c1964 |
||
| 300 | _a383 p. | ||
| 490 | 0 | _aTemas. Educación | |
| 500 | _aRevisión técnica por Manuel Horacio Solari | ||
| 650 | 4 | _aFILOSOFIA CULTURAL | |
| 650 | 4 | _aANTROPOLOGIA CULTURAL Y SOCIAL | |
| 650 | 4 | _aOBJETIVOS CULTURALES | |
| 650 | 4 | _aFILOSOFIA DE LA EDUCACION | |
| 650 | 4 | _aPOLITICA CULTURAL | |
| 700 | 1 |
_aPaschero, Celia _etraductor |
|
| 700 | 1 |
_aKluckhohn, Clyde _eprologuista |
|
| 942 | _cBK | ||
| 998 | _cGrace | ||
| 999 |
_c3715 _d3715 |
||